語頭と語尾が同じ駅名 - Statistics

General Stats
  • This quiz has been taken 85 times
  • The average score is 32 of 173
Answer Stats
Hint Answer 読み % Correct
兵庫県 | 徳島県 石井 いしい
63%
東京都 新橋 しんばし
54%
神奈川県 | 福岡県 | 香川県 高田 たかた
51%
長野県 今井 いまい
50%
東京都 田端 たばた
47%
山口県 飯井 いい
46%
愛媛県 | 福岡県 松山 まつやま
46%
千葉県 岩井 いわい
43%
滋賀県 膳所 ぜぜ
40%
三重県
40%
北海道 糸井 いとい
38%
鹿児島県 志布志 しぶし
38%
東京都 新日本橋 しんにほんばし
35%
大阪府 | 福岡県 貝塚 かいづか
34%
神奈川県 上大岡 かみおおおか
34%
宮城県 松島 まつしま
34%
大阪府 海老江 えびえ
32%
福岡県 折尾 おりお
31%
岡山県 笠岡 かさおか
31%
栃木県 片岡 かたおか
29%
埼玉県 新河岸 しんがし
29%
北海道 瀬戸瀬 せとせ
29%
福島県 竜田 たつた
29%
千葉県 舞浜 まいはま
29%
大分県 上岡 かみおか
28%
群馬県 木崎 きざき
28%
北海道 白石(地下鉄) しろいし
28%
宮城県 | 熊本県 白石 しろいし
28%
北海道 白石(JR) しろいし
28%
愛知県 宇頭 うとう
26%
京都府 亀岡 かめおか
26%
島根県 木次 きすき
26%
大阪府 心斎橋 しんさいばし
26%
神奈川県 神武寺 じんむじ
26%
千葉県 印旛日本医大 いんばにほんいだい
25%
大分県 杵築 きつき
25%
秋田県 神宮寺 じんぐうじ
25%
東京都 石川台 いしかわだい
24%
福井県 王子保 おうしお
24%
秋田県 院内 いんない
22%
群馬県 北高崎 きたたかさき
22%
愛知県 高畑 たかばた
22%
三重県 | 兵庫県 | 埼玉県 丸山 まるやま
22%
熊本県 三角 みすみ
22%
兵庫県 大塩 おおしお
21%
埼玉県 上福岡 かみふくおか
21%
徳島県 木岐 きき
21%
群馬県 新前橋 しんまえばし
21%
山形県 高畠 たかはた
21%
群馬県 水上 みなかみ
21%
愛媛県 伊予土居 いよどい
19%
愛知県 駅前 えきまえ
19%
岩手県 上盛岡 かみもりおか
19%
和歌山県 紀伊日置 きいひき
19%
青森県 館田 たちた
19%
長野県 田畑 たばた
19%
新潟県 間島 まじま
19%
宮崎県 伊比井 いびい
18%
愛媛県 伊予桜井 いよさくらい
18%
東京都 神楽坂 かぐらざか
18%
愛知県 定光寺 じょうこうじ
18%
岩手県 田野畑 たのはた
18%
島根県 出雲神西 いずもじんざい
16%
三重県 伊勢大井 いせおおい
16%
秋田県 羽後本荘 うごほんじょう
16%
福島県 内郷 うちごう
16%
東京都 内幸町 うちさいわいちょう
16%
北海道 神楽岡 かぐらおか
16%
栃木県 蒲須坂 かますさか
16%
福井県 上中 かみなか
16%
岐阜県 北大垣 きたおおがき
16%
山形県 柴橋 しばはし
16%
秋田県 十文字 じゅうもんじ
16%
愛知県 新川橋 しんかわばし
16%
愛知県 新豊橋 しんとよはし
16%
大阪府 松ノ浜 まつのはま
16%
大阪府 南巽 みなみたつみ
16%
茨城県 稲戸井 いなとい
15%
福島県 磐城石井 いわきいしい
15%
岩手県 いわて沼宮内 いわてぬまくない
15%
山口県 宇田郷 うたごう
15%
三重県 川合高岡 かわいたかおか
15%
愛知県 甚目寺 じもくじ
15%
千葉県 新船橋 しんふなばし
15%
福岡県 竹下 たけした
15%
長崎県 前浜 まえはま
15%
秋田県 前山 まえやま
15%
岡山県 牧山 まきやま
15%
山口県 渡川 わたりがわ
15%
山口県 宇賀本郷 うかほんごう
13%
東京都 牛込柳町 うしごめやなぎちょう
13%
宮崎県 えびの上江 えびのうわえ
13%
香川県 挿頭丘 かざしがおか
13%
大阪府 河内小阪 かわちこさか
13%
熊本県 韓々坂 かんかんざか
13%
愛知県 北岡崎 きたおかざき
13%
佐賀県 楠久 くすく
13%
大阪府 汐見橋 しおみばし
13%
岩手県 雫石 しずくいし
13%
東京都 下板橋 しもいたばし
13%
群馬県 前橋大島 まえばしおおしま
13%
島根県 三保三隅 みほみすみ
13%
富山県 安野屋 やすのや
13%
大阪府 石才 いしざい
12%
愛知県 稲永 いなえい
12%
新潟県 魚沼丘陵 うおぬまきゅうりょう
12%
新潟県 魚沼中条 うおぬまなかじょう
12%
千葉県 上総松丘 かずさまつおか
12%
兵庫県 | 奈良県 霞ヶ丘 かすみがおか
12%
石川県 小舞子 こまいこ
12%
岩手県 島越 しまのこし
12%
東京都 新板橋 しんいたばし
12%
東京都 東京テレポート とうきょうてれぽーと
12%
岐阜県 西可児 にしかに
12%
鹿児島県 前之浜 まえのはま
12%
島根県 美談 みだみ
12%
大阪府 JR淡路 じぇいあーるあわじ
12%
大阪府 JR総持寺 じぇいあーるそうじじ
12%
北海道 磯分内 いそぶんない
10%
栃木県 駅東公園前 えきひがしこうえんまえ
10%
千葉県 柏たなか かしわたなか
10%
新潟県 金塚 かなづか
10%
島根県 加茂中 かもなか
10%
神奈川県 北茅ケ崎 きたちがさき
10%
長崎県 思案橋 しあんばし
10%
福岡県 千代県庁口 ちよけんちょうぐち
10%
滋賀県 豊郷 とよさと
10%
佐賀県 肥前旭 ひぜんあさひ
10%
大分県 犬飼 いぬかい
9%
山口県 梅ヶ峠 うめがとう
9%
愛知県 苅安賀 かりやすか
9%
滋賀県 紫香楽宮跡 しがらきぐうし
9%
鹿児島県 慈眼寺 じげんじ
9%
滋賀県 鳥居本 とりいもと
9%
山口県 西岩国 にしいわくに
9%
千葉県 実籾 みもみ
9%
岩手県 綾里 りょうり
9%
兵庫県 一の鳥居 いちのとりい
7%
兵庫県 ウッディタウン中央 うっでぃたうんちゅうおう
7%
福島県 姥堂 うばどう
7%
愛知県 上横須賀 かみよこすか
7%
北海道 新道東 しんどうひがし
7%
東京都 立川北 たちかわきた
7%
長崎県 棚方 たながた
7%
千葉県 長者町 ちょうじゃまち
7%
千葉県 浪花 なみはな
7%
岐阜県 瑞浪 みずなみ
7%
福島県 Jヴィレッジ じぇいびれっじ
7%
北海道 昭和橋 しょうわばし
6%
長崎県 スタジアムシティサウス すたじあむしてぃさうす
6%
長崎県 スタジアムシティノース すたじあむしてぃのーす
6%
福岡県 田川伊田 たがわいた
6%
岡山県 茶屋町 ちゃやまち
6%
東京都 東京ビックサイト とうきょうびっくさいと
6%
大分県 豊後国分 ぶんごこくぶ
6%
岡山県 美作江見 みまさかえみ
6%
静岡県 狐ヶ崎 きつねがさき
4%
東京都 清滝 きよたき
4%
長崎県 千歳町 ちとせまち
4%
大阪府 千早口 ちはやぐち
4%
栃木県 飛山城跡 とびやまじょうあと
4%
福岡県 美夜古泉 みやこいずみ
4%
高知県 領石通 りょうせきどおり
4%
静岡県 城西 しろにし
3%
No matching quizzes found
Score Distribution
Percent of People with Each Score
Percentile by Number Answered
Your Score History
You have not taken this quiz